[Event "Regionalliga NW 1213"]
[Site "Bayern"]
[Date "2013.03.17"]
[Round "8.1"]
[White "Ostermeyer, Peter"]
[Black "Scheringer, Dietrich"]
[Result "1/2-1/2"]
[WhiteElo "2294"]
[BlackElo "1995"]
[PlyCount "97"]
[EventDate "2012.10.14"]
[EventType "team-tourn"]
[EventRounds "9"]
[EventCountry "GER"]
[SourceTitle "EXT 2015"]
[Source "ChessBase"]
[SourceDate "2014.11.20"]
[SourceVersion "1"]
[SourceVersionDate "2014.11.20"]
[SourceQuality "1"]
[WhiteTeam "Rottendorf"]
[BlackTeam "Coburg"]
[WhiteTeamCountry "GER"]
[BlackTeamCountry "GER"]

1. e4 e5 2. Nf3 Nc6 3. c3 d6 4. d4 Bd7 5. Bc4 Qe7 6. 0-0 h6 7. b4 g5 8. b5 Na5 9. Bd3 f6 10. Ba3 b6 11. Bb4 Nb7 12. a4 Bg7 13. Nbd2 Qf7 14. Nc4 Ne7 15. Ne3 0-0 16. Bc4 Be6 17. Bxe6 Qxe6 18. Nd2 f5 19. d5 Qg6 20. exf5 Nxf5 21. Nxf5 Qxf5 22. Qe2 Nd8 23. a5 Nf7 24. Ne4 Nh8 25. f3 Ng6 26. g3 Qd7 27. c4 Ne7 28. Be1 Qf5 29. Kg2 Qg6 30. Bf2 Nf5 31. Ra3 Rae8 32. axb6 axb6 33. g4 Nd4 34. Bxd4 exd4 35. Qd3 Qf7 36. Ra2 Qf4 37. Re2 h5 38. gxh5 g4 39. Ng3 gxf3+ 40. Rxf3 Qg4 41. Rxf8+ Rxf8 42. Re4 Qd7 43. Re6 Qf7 44. Qe4 Be5 45. Rg6+ Kh8 46. Rh6+ Kg8 47. Rg6+ Kh8 48. Rh6+ Kg8 49. Rg6+ 1/2-1/2

[Event "Regionalliga NW 1213"]
[Site "Bayern"]
[Date "2013.02.03"]
[Round "6.2"]
[White "Scheringer, Dietrich"]
[Black "Kirschneck, Toralf"]
[Result "1/2-1/2"]
[WhiteElo "1995"]
[BlackElo "2038"]
[PlyCount "105"]
[EventDate "2012.10.14"]
[EventType "team-tourn"]
[EventRounds "9"]
[EventCountry "GER"]
[SourceTitle "EXT 2015"]
[Source "ChessBase"]
[SourceDate "2014.11.20"]
[SourceVersion "1"]
[SourceVersionDate "2014.11.20"]
[SourceQuality "1"]
[WhiteTeam "Coburg"]
[BlackTeam "Marktleuthen"]
[WhiteTeamCountry "GER"]
[BlackTeamCountry "GER"]

1. e4 c5 2. Nf3 Nc6 3. Nc3 g6 4. Bc4 Bg7 5. a3 d6 6. h3 a6 7. 0-0 e6 8. d3 Nge7 9. a4 0-0 10. Bg5 h6 11. Bc1 d5 12. Bb3 Kh7 13. Ne2 e5 14. c3 Be6 15. Bc2 Qc7 16. Ng3 Rad8 17. Qe2 d4 18. Nh2 b5 19. axb5 axb5 20. Bd2 c4 21. Rac1 Rd7 22. Rfd1 Rfd8 23. Be1 Nc8 24. Qf3 Nb6 25. Ngf1 Qb7 26. h4 Na4 27. dxc4 Nxb2 28. cxb5 Qxb5 29. Rd2 Nc4 30. Rdd1 Qb2 31. Bd3 dxc3 32. Bxc3 Nd4 33. Bxd4 Rxd4 34. Bxc4 Bxc4 35. Re1 Qb3 36. Ne3 Be6 37. h5 Qb7 38. hxg6+ fxg6 39. Nef1 Rf8 40. Qe2 Rf4 41. f3 Rb4 42. Ne3 h5 43. Rc2 Rf7 44. Kh1 Bh6 45. Nhf1 Qe7 46. g3 Rb3 47. Rec1 Bxe3 48. Nxe3 Qg5 49. Rc3 Rxc3 50. Rxc3 Qxg3 51. Nf1 Qf4 52. Qh2 Qf6 53. Qg3 1/2-1/2

[Event "Regionalliga NW 1213"]
[Site "Bayern"]
[Date "2012.11.25"]
[Round "3.2"]
[White "Lang, Stefan1111"]
[Black "Scheringer, Dietrich"]
[Result "1-0"]
[WhiteElo "2066"]
[BlackElo "1995"]
[PlyCount "73"]
[EventDate "2012.10.14"]
[EventType "team-tourn"]
[EventRounds "9"]
[EventCountry "GER"]
[SourceTitle "EXT 2015"]
[Source "ChessBase"]
[SourceDate "2014.11.20"]
[SourceVersion "1"]
[SourceVersionDate "2014.11.20"]
[SourceQuality "1"]
[WhiteTeam "Bad Neustadt"]
[BlackTeam "Coburg"]
[WhiteTeamCountry "GER"]
[BlackTeamCountry "GER"]

1. Nf3 d5 2. d4 Nf6 3. c4 e6 4. Nc3 Be7 5. Bf4 a6 6. e3 0-0 7. Qc2 Nbd7 8. cxd5 exd5 9. Bd3 Re8 10. 0-0 Nf8 11. h3 c6 12. Ne5 Be6 13. Bh2 N6d7 14. f4 f6 15. f5 Nxe5 16. dxe5 Bc8 17. e6 b6 18. Ne2 Bb7 19. Nf4 Bd6 20. Rad1 Rc8 21. Qe2 Qc7 22. Qg4 Rcd8 23. Bg3 Qe7 24. Nh5 Bxg3 25. Qxg3 Rc8 26. Rf4 Qc7 27. Nxf6+ Kh8 28. Nxe8 Rxe8 29. Rg4 Qxg3 30. Rxg3 h6 31. e4 dxe4 32. Bxe4 Nh7 33. Rd7 Nf6 34. Rxb7 Nxe4 35. Rgxg7 Nd6 36. Rh7+ Kg8 37. Rbg7+ 1-0

[Event "Regionalliga NW 0405"]
[Site "Bayern"]
[Date "2005.01.30"]
[Round "6.2"]
[White "Hertel, Hans"]
[Black "Scheringer, Dietrich"]
[Result "1-0"]
[WhiteElo "2048"]
[BlackElo "2044"]
[PlyCount "75"]
[EventDate "2004.10.24"]
[EventType "team-tourn"]
[EventRounds "9"]
[EventCountry "GER"]
[SourceTitle "EXT 2007"]
[Source "ChessBase"]
[SourceDate "2006.11.23"]
[SourceVersion "1"]
[SourceVersionDate "2006.11.23"]
[SourceQuality "1"]
[WhiteTeam "Hof"]
[BlackTeam "Coburg"]
[WhiteTeamCountry "GER"]
[BlackTeamCountry "GER"]

1. d4 e6 2. c3 b6 3. e4 Bb7 4. Bd3 c5 5. Nf3 Be7 6. 0-0 d6 7. Re1 Nd7 8. Nbd2 Qc7 9. Nf1 Ngf6 10. Bg5 h6 11. Bd2 g5 12. Ng3 0-0-0 13. d5 g4 14. Nh4 Ne5 15. Bf1 Nfd7 16. f4 Bxh4 17. fxe5 Bxg3 18. hxg3 Nxe5 19. c4 f6 20. b4 h5 21. bxc5 dxc5 22. Bf4 h4 23. a4 hxg3 24. Bxg3 Rdg8 25. Re3 Qg7 26. a5 Qh6 27. Kf2 exd5 28. cxd5 Re8 29. axb6 axb6 30. Bb5 Ref8 31. Qa4 Qg7 32. Ba6 Qc7 33. Qb5 Rd8 34. Rea3 Rh7 35. Bxb7+ Qxb7 36. Ra8+ Kc7 37. R8a7 Kd6 38. Rxb7 1-0

[Event "Regionalliga NW 0405"]
[Site "Bayern"]
[Date "2004.12.12"]
[Round "4.2"]
[White "Scheringer, Dietrich"]
[Black "Schell, Walter"]
[Result "1/2-1/2"]
[WhiteElo "2044"]
[BlackElo "2096"]
[PlyCount "99"]
[EventDate "2004.10.24"]
[EventType "team-tourn"]
[EventRounds "9"]
[EventCountry "GER"]
[SourceTitle "EXT 2007"]
[Source "ChessBase"]
[SourceDate "2006.11.23"]
[SourceVersion "1"]
[SourceVersionDate "2006.11.23"]
[SourceQuality "1"]
[WhiteTeam "Coburg"]
[BlackTeam "Sailauf"]
[WhiteTeamCountry "GER"]
[BlackTeamCountry "GER"]

1. e4 c5 2. Nf3 e6 3. d4 cxd4 4. Nxd4 a6 5. Bd3 Bc5 6. Nb3 Be7 7. Nc3 d6 8. 0-0 Nf6 9. Be3 Qc7 10. f4 Nc6 11. a3 b5 12. Qf3 Bb7 13. Rae1 Rc8 14. Qg3 g6 15. Re2 0-0 16. Nd4 Nh5 17. Qh3 Nxd4 18. Bxd4 Nxf4 19. Rxf4 e5 20. Bxe5 dxe5 21. Rf1 Bxa3 22. Nd1 Bc5+ 23. Kh1 Rcd8 24. Ne3 Bxe3 25. Rxe3 Bc8 26. Qh4 Rd6 27. Ref3 Qd8 28. Qh6 f6 29. Qh4 Kg7 30. h3 Rd4 31. Qg3 Bb7 32. Re3 Rd6 33. b3 b4 34. Qe1 Qb6 35. Rg3 a5 36. h4 Ba6 37. h5 Bxd3 38. cxd3 Rc6 39. Qe2 Qc7 40. Qg4 Qf7 41. d4 exd4 42. hxg6 hxg6 43. e5 Rd8 44. Rgf3 d3 45. exf6+ Kg8 46. Qh4 Rd5 47. Rh3 Rh5 48. Qd4 Rd5 49. Qh4 Rh5 50. Qd4 1/2-1/2

[Event "Regionalliga NW 0304"]
[Site "Bayern"]
[Date "2003.12.14"]
[Round "4.2"]
[White "Scheringer, Dietrich"]
[Black "Seidel, Michael"]
[Result "1/2-1/2"]
[WhiteElo "2069"]
[BlackElo "1910"]
[PlyCount "171"]
[EventDate "2003.10.12"]
[EventType "team-tourn"]
[EventRounds "9"]
[EventCountry "GER"]
[SourceTitle "EXT 2006"]
[Source "ChessBase"]
[SourceDate "2005.11.24"]
[SourceVersion "1"]
[SourceVersionDate "2005.11.24"]
[SourceQuality "1"]
[WhiteTeam "Coburg"]
[BlackTeam "Hof"]
[WhiteTeamCountry "GER"]
[BlackTeamCountry "GER"]

1. e4 d6 2. d4 Nf6 3. Nc3 g6 4. Bg5 Bg7 5. Qd2 h6 6. Bf4 g5 7. Bg3 Nh5 8. 0-0-0 Nc6 9. Bb5 Bd7 10. Nge2 e5 11. Bxc6 Bxc6 12. f3 Nxg3 13. hxg3 Qe7 14. d5 Bd7 15. g4 0-0-0 16. Ng3 Kb8 17. Qe3 a6 18. Kb1 Rdg8 19. Ka1 Bf8 20. Rb1 Qf6 21. Nh5 Qd8 22. a4 Be7 23. b4 b6 24. Rb2 Qc8 25. Rhb1 Rg6 26. Ra2 Qb7 27. Qd3 Rgg8 28. Nd1 Rg6 29. Ne3 Rc8 30. b5 a5 31. Rab2 Rh8 32. Rb3 Bd8 33. Rc3 Be7 34. Nc4 Qa7 35. Ne3 Qb7 36. Rh1 Qc8 37. Nf5 Bf8 38. Nhg3 Qd8 39. Rb3 Qc8 40. Rbb1 Qd8 41. Ne3 Qc8 42. Ngf5 Rh7 43. Rh5 Be8 44. Rbh1 Qd8 45. R5h3 Bd7 46. Qf1 Kb7 47. R1h2 Qf6 48. Ka2 Rg8 49. Qh1 Rgh8 50. Rh5 Qg6 51. Qe1 f6 52. Ng3 Qe8 53. c4 Qf7 54. Nef5 Be8 55. R5h3 Bd7 56. Nh5 Qg6 57. Qe3 Qf7 58. Rh1 Rg8 59. Qd3 Rg6 60. Nfg3 Qe7 61. Nf1 Be8 62. Nd2 Qd8 63. Nb3 Bd7 64. Rb1 Qa8 65. Rhh1 Rh8 66. Ng3 Rg7 67. Nf5 Rgh7 68. Ng3 Be7 69. Nh5 Rf8 70. Rbc1 Be8 71. g3 Bd7 72. Rc2 Rfh8 73. Rhc1 Be8 74. Rh2 Bg6 75. Qe2 Bf7 76. Qe3 Rg8 77. Qd3 Rgh8 78. Ka1 Rg8 79. Rch1 Rgh8 80. Nd2 Qc8 81. Nf1 Qd8 82. Ne3 Rg8 83. Nf5 Bf8 84. Rd1 Rg6 85. Rhd2 Rg8 86. Rh2 1/2-1/2

[Event "Regionalliga NW 0203"]
[Site "Bayern"]
[Date "2003.02.23"]
[Round "7.2"]
[White "Scheringer, Dietrich"]
[Black "Murmann, Andreas"]
[Result "1/2-1/2"]
[WhiteElo "2054"]
[BlackElo "2092"]
[PlyCount "24"]
[EventDate "2002.10.20"]
[EventType "team-tourn"]
[EventRounds "9"]
[EventCountry "GER"]
[SourceTitle "EXT 2004"]
[Source "ChessBase"]
[SourceDate "2003.11.25"]
[SourceVersion "1"]
[SourceVersionDate "2003.11.25"]
[SourceQuality "1"]
[WhiteTeam "Coburg"]
[BlackTeam "Kronach"]
[WhiteTeamCountry "GER"]
[BlackTeamCountry "GER"]

1. e4 e6 2. d4 d5 3. Nc3 dxe4 4. Nxe4 Nd7 5. Nf3 Ngf6 6. Nxf6+ Nxf6 7. Bd3 c5 8. dxc5 Bxc5 9. 0-0 0-0 10. Bg5 b6 11. Qe2 Bb7 12. Rad1 Qc7 1/2-1/2

[Event "Regionalliga NW 0203"]
[Site "Bayern"]
[Date "2003.02.09"]
[Round "6.2"]
[White "Kuhn, Norbert"]
[Black "Scheringer, Dietrich"]
[Result "1/2-1/2"]
[WhiteElo "2111"]
[BlackElo "2054"]
[PlyCount "64"]
[EventDate "2002.10.20"]
[EventType "team-tourn"]
[EventRounds "9"]
[EventCountry "GER"]
[SourceTitle "EXT 2004"]
[Source "ChessBase"]
[SourceDate "2003.11.25"]
[SourceVersion "1"]
[SourceVersionDate "2003.11.25"]
[SourceQuality "1"]
[WhiteTeam "Wuerzburg II"]
[BlackTeam "Coburg"]
[WhiteTeamCountry "GER"]
[BlackTeamCountry "GER"]

1. e4 e5 2. d4 exd4 3. Nf3 Nc6 4. Bb5 Nf6 5. e5 Ne4 6. 0-0 d5 7. exd6 Nxd6 8. Nxd4 Nxb5 9. Nxb5 a6 10. Qxd8+ Kxd8 11. N5c3 Be6 12. Bf4 Bd6 13. Bxd6 cxd6 14. Ne4 Kc7 15. Nbc3 h6 16. Rad1 Rad8 17. Nd5+ Bxd5 18. Rxd5 Rhe8 19. f3 Re5 20. Rfd1 Rxd5 21. Rxd5 Ne7 22. Rd3 f5 23. Nc3 Kc6 24. Kf2 b5 25. Re3 Rd7 26. Re6 Ng8 27. Ke3 b4 28. Ne2 Ne7 29. Kd3 Kc5 30. Nd4 Kd5 31. Re2 Ng6 32. Re8 Nf4+ 1/2-1/2

[Event "Regionalliga NW 0203"]
[Site "Bayern"]
[Date "2002.12.15"]
[Round "3.2"]
[White "Wolf, Richard"]
[Black "Scheringer, Dietrich"]
[Result "1/2-1/2"]
[WhiteElo "2168"]
[BlackElo "2054"]
[PlyCount "54"]
[EventDate "2002.10.20"]
[EventType "team-tourn"]
[EventRounds "9"]
[EventCountry "GER"]
[SourceTitle "EXT 2004"]
[Source "ChessBase"]
[SourceDate "2003.11.25"]
[SourceVersion "1"]
[SourceVersionDate "2003.11.25"]
[SourceQuality "1"]
[WhiteTeam "Schweinfurt"]
[BlackTeam "Coburg"]
[WhiteTeamCountry "GER"]
[BlackTeamCountry "GER"]

1. e4 e5 2. Nf3 Nc6 3. Bb5 a6 4. Ba4 Nf6 5. 0-0 Be7 6. Re1 b5 7. Bb3 d6 8. c3 0-0 9. h3 Na5 10. Bc2 c5 11. d4 cxd4 12. cxd4 Qc7 13. Nbd2 Bd7 14. Nf1 Rac8 15. Ne3 Nc4 16. Nxc4 bxc4 17. Bd2 Ne8 18. dxe5 dxe5 19. Bc3 Bd6 20. Qd2 Bc6 21. Rad1 f6 22. Nh2 Bc5 23. Qe2 Nd6 24. Nf1 Kh8 25. Qg4 Bd7 26. Qe2 Bc6 27. Qg4 Bd7 1/2-1/2

[Event "Regionalliga NW 0102"]
[Site "Bayern"]
[Date "2002.04.14"]
[Round "8.2"]
[White "Scheringer, Dietrich"]
[Black "Schramm, Christian"]
[Result "1/2-1/2"]
[WhiteElo "2055"]
[BlackElo "2335"]
[PlyCount "28"]
[EventDate "2001.10.07"]
[EventType "team-tourn"]
[EventRounds "9"]
[EventCountry "GER"]
[SourceTitle "EXT 2003"]
[Source "ChessBase"]
[SourceDate "2002.11.25"]
[SourceVersion "1"]
[SourceVersionDate "2002.11.25"]
[SourceQuality "1"]
[WhiteTeam "Coburg"]
[BlackTeam "Obernau"]
[WhiteTeamCountry "GER"]
[BlackTeamCountry "GER"]

1. e4 Nf6 2. Nc3 d5 3. exd5 Nxd5 4. Bc4 e6 5. Nf3 Be7 6. d3 0-0 7. 0-0 Nxc3 8. bxc3 Nd7 9. d4 b6 10. Qe2 Bb7 11. Bf4 Bd6 12. Ne5 Nxe5 13. Bxe5 Bxe5 14. Qxe5 Qd6 1/2-1/2

[Event "Regionalliga NW 0102"]
[Site "Bayern"]
[Date "2001.11.25"]
[Round "3.2"]
[White "Scheringer, Dietrich"]
[Black "Quist, Sven Roy"]
[Result "1/2-1/2"]
[WhiteElo "2055"]
[BlackElo "2100"]
[PlyCount "39"]
[EventDate "2001.10.07"]
[EventType "team-tourn"]
[EventRounds "9"]
[EventCountry "GER"]
[SourceTitle "EXT 2003"]
[Source "ChessBase"]
[SourceDate "2002.11.25"]
[SourceVersion "1"]
[SourceVersionDate "2002.11.25"]
[SourceQuality "1"]
[WhiteTeam "Coburg"]
[BlackTeam "Wuerzburg II"]
[WhiteTeamCountry "GER"]
[BlackTeamCountry "GER"]

1. e4 c5 2. Nc3 Nc6 3. Nf3 d6 4. d4 cxd4 5. Nxd4 Nf6 6. Be2 e5 7. Nb3 Be7 8. Be3 Be6 9. 0-0 0-0 10. f4 exf4 11. Rxf4 d5 12. exd5 Nxd5 13. Nxd5 Bxd5 14. c4 Be6 15. Nd4 Qb6 16. Qb3 Bc5 17. Qxb6 Bxb6 18. Bf2 Nxd4 19. Bxd4 Bxd4+ 20. Rxd4 1/2-1/2

[Event "Regionalliga NW 0001"]
[Site "Bayern"]
[Date "2001.04.29"]
[Round "9"]
[White "Scheringer, Dietrich"]
[Black "Lorenz, Mark"]
[Result "1/2-1/2"]
[WhiteElo "2040"]
[BlackElo "2135"]
[PlyCount "77"]
[EventDate "2000.10.15"]
[EventType "team-tourn"]
[EventRounds "9"]
[EventCountry "GER"]
[SourceTitle "EXT 2020"]
[Source "ChessBase"]
[SourceDate "2019.10.17"]
[SourceVersion "1"]
[SourceVersionDate "2019.10.17"]
[SourceQuality "1"]
[WhiteTeam "Coburg"]
[BlackTeam "Marktleuthen"]
[WhiteTeamCountry "GER"]
[BlackTeamCountry "GER"]

1. e4 d6 2. d4 Nf6 3. Nc3 g6 4. h3 Bg7 5. Nf3 0-0 6. Be2 Na6 7. 0-0 c5 8. d5 Nc7 9. Re1 b6 10. a4 Bb7 11. Bc4 a6 12. Bg5 Nd7 13. Qd2 f6 14. Bh6 Bxh6 15. Qxh6 Ne5 16. Nxe5 fxe5 17. Rf1 Rf6 18. f4 exf4 19. Rxf4 Qf8 20. Qxf8+ Raxf8 21. Rxf6 exf6 22. Re1 Re8 23. Kf2 Kg7 24. b3 Bc8 25. Kf3 Bd7 26. Bd3 f5 27. Rd1 Kf6 28. Ne2 h5 29. c4 fxe4+ 30. Bxe4 g5 31. Rf1 Kg7 32. Ke3 h4 33. Kd3 Re5 34. Ng1 Re8 35. Nf3 Rf8 36. Rb1 Kf6 37. Rf1 Kg7 38. Rb1 Kf6 39. Rf1 1/2-1/2

[Event "Regionalliga NW 0001"]
[Site "Bayern"]
[Date "2001.01.28"]
[Round "5.2"]
[White "Scheringer, Dietrich"]
[Black "Poppe, Heiko"]
[Result "1-0"]
[WhiteElo "2040"]
[BlackElo "1926"]
[PlyCount "65"]
[EventDate "2000.10.15"]
[EventType "team-tourn"]
[EventRounds "9"]
[EventCountry "GER"]
[SourceTitle "EXT 2020"]
[Source "ChessBase"]
[SourceDate "2019.10.17"]
[SourceVersion "1"]
[SourceVersionDate "2019.10.17"]
[SourceQuality "1"]
[WhiteTeam "Coburg"]
[BlackTeam "Wuerzburg II"]
[WhiteTeamCountry "GER"]
[BlackTeamCountry "GER"]

1. e4 e6 2. d4 d5 3. Nc3 Bb4 4. e5 c5 5. a3 Bxc3+ 6. bxc3 Qc7 7. Qg4 Ne7 8. Qxg7 Rg8 9. Qxh7 cxd4 10. Ne2 Nbc6 11. f4 Bd7 12. Qd3 dxc3 13. Nxc3 a6 14. h4 Rc8 15. Rb1 Nf5 16. Rh3 Ncd4 17. Bd2 b5 18. h5 Qc5 19. h6 a5 20. h7 Rh8 21. g4 Ne7 22. Nxb5 Nxb5 23. Rxb5 Bxb5 24. Qxb5+ Kf8 25. f5 Nxf5 26. gxf5 exf5 27. Qxc5+ Rxc5 28. Bh6+ Ke7 29. Bg7 Rcc8 30. Bxh8 Rxh8 31. Rh6 Kf8 32. Bd3 Kg7 33. Rh5 1-0

[Event "Regionalliga NW 9899"]
[Site "Bayern"]
[Date "1999.??.??"]
[Round "7.2"]
[White "Scheringer, Dietrich"]
[Black "Dittmann, Rainer"]
[Result "1/2-1/2"]
[WhiteElo "2040"]
[BlackElo "2080"]
[PlyCount "41"]
[EventDate "1998.??.??"]
[EventType "team-tourn"]
[EventRounds "9"]
[EventCountry "GER"]
[SourceTitle "EXT 2020"]
[Source "ChessBase"]
[SourceDate "2019.10.17"]
[SourceVersion "1"]
[SourceVersionDate "2019.10.17"]
[SourceQuality "1"]
[WhiteTeam "Coburg"]
[BlackTeam "Schweinfurt Fr"]
[WhiteTeamCountry "GER"]
[BlackTeamCountry "GER"]

1. e4 Nf6 2. Nc3 d5 3. e5 d4 4. exf6 dxc3 5. fxg7 cxd2+ 6. Bxd2 Bxg7 7. c3 0-0 8. Be3 Qxd1+ 9. Rxd1 Bg4 10. Be2 Be6 11. Ra1 Nc6 12. Nf3 a6 13. 0-0 Rad8 14. Ng5 Bf5 15. Rfd1 Bc2 16. Rxd8 Rxd8 17. Rc1 Bf5 18. Nf3 Bd3 19. Kf1 Bxe2+ 20. Kxe2 Ne5 21. Nxe5 1/2-1/2

[Event "Regionalliga NW 9899"]
[Site "Bayern"]
[Date "1999.??.??"]
[Round "8.2"]
[White "Schoenau, Werner"]
[Black "Scheringer, Dietrich"]
[Result "1/2-1/2"]
[WhiteElo "2150"]
[BlackElo "2040"]
[PlyCount "143"]
[EventDate "1998.??.??"]
[EventType "team-tourn"]
[EventRounds "9"]
[EventCountry "GER"]
[SourceTitle "EXT 2020"]
[Source "ChessBase"]
[SourceDate "2019.10.17"]
[SourceVersion "1"]
[SourceVersionDate "2019.10.17"]
[SourceQuality "1"]
[WhiteTeam "Dettingen"]
[BlackTeam "Coburg"]
[WhiteTeamCountry "GER"]
[BlackTeamCountry "GER"]

1. Nf3 e6 2. g3 f5 3. Bg2 Nf6 4. 0-0 Be7 5. c4 0-0 6. Nc3 d6 7. b4 Qe8 8. a4 a5 9. bxa5 Nc6 10. d3 Qh5 11. Nb5 Ne8 12. e3 Nxa5 13. Bd2 Nc6 14. Bc3 Nd8 15. Nd2 Qxd1 16. Rfxd1 c6 17. Nd4 e5 18. Ne2 Ne6 19. d4 e4 20. a5 N8c7 21. f3 d5 22. Rab1 Re8 23. fxe4 fxe4 24. Nf4 Nxf4 25. gxf4 Bf6 26. Bb4 Be7 27. Bxe7 Rxe7 28. Ra1 Ne8 29. cxd5 cxd5 30. Nb3 Nd6 31. Nc5 Nc4 32. Kf2 Rxa5 33. Rxa5 Nxa5 34. Ra1 b6 35. Na4 Nc4 36. Bf1 Ra7 37. Ra2 Bd7 38. Nc3 Rxa2+ 39. Nxa2 b5 40. Bxc4 bxc4 41. Nb4 Be6 42. f5 Bf7 43. Kg3 Kf8 44. Kf4 Ke7 45. Na2 Kd6 46. Nc3 h6 47. Kg4 Ke7 48. Kf4 Kf6 49. Kg4 g5 50. fxg6 Kxg6 51. Kf4 Kf6 52. Kg4 Ke6 53. Kf4 Bg6 54. Kg4 Kd6 55. Kg3 Kc6 56. Kf2 Bf7 57. Kg2 Kb6 58. Kf2 Ka5 59. Ke1 Kb4 60. Kd2 Kb3 61. Ne2 Kb2 62. Nc3 Be6 63. Ne2 Kb3 64. Nc3 Kb4 65. Na2+ Kb5 66. Ke1 Kc6 67. Kf2 Kd6 68. Kg3 Ke7 69. Kf4 Kf6 70. Nc3 Kg6 71. Ne2 Kh5 72. Kg3 1/2-1/2

[Event "Regionalliga NW 9596"]
[Site "Bayern"]
[Date "1996.??.??"]
[Round "?"]
[White "Jovanovic, Sascha"]
[Black "Scheringer, Dietrich"]
[Result "1/2-1/2"]
[WhiteElo "1805"]
[BlackElo "2000"]
[PlyCount "86"]
[EventDate "1995.10.??"]
[EventType "team-tourn"]
[EventRounds "9"]
[EventCountry "GER"]
[SourceTitle "EXT 1999"]
[Source "ChessBase"]
[SourceDate "1998.11.16"]
[SourceVersion "1"]
[SourceVersionDate "1998.11.16"]
[SourceQuality "1"]
[WhiteTeam "Wuerzburg II"]
[BlackTeam "Coburg"]
[WhiteTeamCountry "GER"]
[BlackTeamCountry "GER"]

1. e4 e5 2. Bc4 Nf6 3. d3 Nc6 4. Nc3 Na5 5. Bb3 Nxb3 6. axb3 Be7 7. Nge2 0-0 8. 0-0 d5 9. exd5 Nxd5 10. Nxd5 Qxd5 11. Nc3 Qc6 12. Qe2 f6 13. Re1 Bb4 14. Qe4 Qxe4 15. Rxe4 Bd6 16. Nb5 Bd7 17. Nc3 a6 18. Re2 f5 19. Bd2 Bc6 20. f3 h6 21. Be3 Rfd8 22. Rf1 Re8 23. Bd2 Kh7 24. f4 exf4 25. Bxf4 Bc5+ 26. Kh1 Rxe2 27. Nxe2 Re8 28. Ng3 Re7 29. h4 g6 30. Kh2 h5 31. c3 Kg7 32. d4 Bd6 33. Bxd6 cxd6 34. Rf2 Be4 35. Ne2 d5 36. Nf4 Kf7 37. Re2 Rc7 38. Re3 Rc6 39. b4 Rb6 40. Re2 Rc6 41. Re3 Rb6 42. Re2 Rc6 43. Re3 Rb6 1/2-1/2

[Event "Regionalliga NW 9596"]
[Site "Bayern"]
[Date "1996.??.??"]
[Round "?"]
[White "Seeger, Werner"]
[Black "Scheringer, Dietrich"]
[Result "1-0"]
[WhiteElo "2200"]
[BlackElo "2000"]
[PlyCount "127"]
[EventDate "1995.10.??"]
[EventType "team-tourn"]
[EventRounds "9"]
[EventCountry "GER"]
[SourceTitle "EXT 1999"]
[Source "ChessBase"]
[SourceDate "1998.11.16"]
[SourceVersion "1"]
[SourceVersionDate "1998.11.16"]
[SourceQuality "1"]
[WhiteTeam "Burgsinn"]
[BlackTeam "Coburg"]
[WhiteTeamCountry "GER"]
[BlackTeamCountry "GER"]

1. Nf3 g6 2. e4 Bg7 3. d4 d6 4. Bc4 Nf6 5. Nc3 0-0 6. Qe2 Bg4 7. e5 Ne8 8. e6 f5 9. h3 Bxf3 10. Qxf3 Nc6 11. d5 Ne5 12. Qe2 Nxc4 13. Qxc4 c6 14. 0-0 c5 15. Bd2 Nf6 16. a4 Kh8 17. f3 Rg8 18. Ra3 Qf8 19. Rb3 Rb8 20. Rd1 Nh5 21. Ne2 Nf6 22. Qd3 Qc8 23. c4 Rf8 24. Nc3 Kg8 25. Ra1 Nh5 26. a5 Bd4+ 27. Be3 Bxc3 28. bxc3 f4 29. Bf2 Qc7 30. Bh4 Kg7 31. Rb5 h6 32. Ra2 g5 33. Bf2 Nf6 34. Rab2 Ng8 35. h4 Rf6 36. h5 Qd8 37. Qb1 b6 38. axb6 axb6 39. Rxb6 Rxb6 40. Rxb6 Qe8 41. Rb8 Qxh5 42. Bxc5 dxc5 43. d6 Rxe6 44. d7 Rd6 45. d8Q Rxd8 46. Rxd8 g4 47. Qb8 Nf6 48. Qxf4 gxf3 49. Qxf3 Qe5 50. Rd1 h5 51. Rf1 Kg6 52. Qd3+ Kg7 53. Qd2 Qg3 54. Rf3 Qh4 55. Qf4 Qe1+ 56. Rf1 Qxc3 57. Qg5+ Kh7 58. Qxc5 Ng8 59. Qxh5+ Nh6 60. Qc5 Qg7 61. Re1 Ng8 62. Qe5 Qg4 63. Qe4+ Qxe4 64. Rxe4 1-0